000 00299nam a2200121Ia 4500
008 191201s2009 xx 000 0 und d
100 _aSAHAY, Namita
245 0 _aManagement of Financial Services MBA SEM-4
260 _aN. Delhi
_bVikas Pub
_c2009
300 _a303
650 _aMBA
942 _2ddc
_cBK
999 _c271
_d271